00422nam a2200145Ia 4500003000400000005001700004008004100021020001800062040000900080082001700089100001700106245009700123260004700220300000900267OSt20200821111603.0190216s9999||||xx |||||||||||||| ||und|| a9788177587432 coclc a620.5bRAT/N aRatner, Mark 0aNanotechnology :bA Gentle Introduction To The Next Big Idea /cMark Ratner ; Daniel Ratner  bPearson Education Asia,aNew Delhi:c2008. a188p